<?xml version="1.0" encoding="UTF-8"?><?xml-stylesheet type="text/xsl" href="static/style.xsl"?><OAI-PMH xmlns="http://www.openarchives.org/OAI/2.0/" xmlns:xsi="http://www.w3.org/2001/XMLSchema-instance" xsi:schemaLocation="http://www.openarchives.org/OAI/2.0/ http://www.openarchives.org/OAI/2.0/OAI-PMH.xsd"><responseDate>2026-06-01T18:47:39Z</responseDate><request verb="GetRecord" identifier="oai:riuma.uma.es:10630/26596" metadataPrefix="marc">https://riuma.uma.es/rest/oai/request</request><GetRecord><record><header><identifier>oai:riuma.uma.es:10630/26596</identifier><datestamp>2026-02-03T10:51:07Z</datestamp><setSpec>com_10630_2254</setSpec><setSpec>col_10630_37953</setSpec></header><metadata><record xmlns="http://www.loc.gov/MARC21/slim" xmlns:dcterms="http://purl.org/dc/terms/" xmlns:doc="http://www.lyncode.com/xoai" xmlns:xsi="http://www.w3.org/2001/XMLSchema-instance" xsi:schemaLocation="http://www.loc.gov/MARC21/slim http://www.loc.gov/standards/marcxml/schema/MARC21slim.xsd">
   <leader>00925njm 22002777a 4500</leader>
   <datafield ind2=" " ind1=" " tag="042">
      <subfield code="a">dc</subfield>
   </datafield>
   <datafield ind2=" " ind1=" " tag="720">
      <subfield code="a">López-Sampalo, Almudena</subfield>
      <subfield code="e">author</subfield>
   </datafield>
   <datafield ind2=" " ind1=" " tag="720">
      <subfield code="a">Cobos-Palacios, Lidia</subfield>
      <subfield code="e">author</subfield>
   </datafield>
   <datafield ind2=" " ind1=" " tag="720">
      <subfield code="a">Vilches-Pérez, Alberto</subfield>
      <subfield code="e">author</subfield>
   </datafield>
   <datafield ind2=" " ind1=" " tag="720">
      <subfield code="a">Sanz-Cánovas, Jaime</subfield>
      <subfield code="e">author</subfield>
   </datafield>
   <datafield ind2=" " ind1=" " tag="720">
      <subfield code="a">Vargas-Candela, Antonio</subfield>
      <subfield code="e">author</subfield>
   </datafield>
   <datafield ind2=" " ind1=" " tag="720">
      <subfield code="a">Mancebo-Sevilla, Juan José</subfield>
      <subfield code="e">author</subfield>
   </datafield>
   <datafield ind2=" " ind1=" " tag="720">
      <subfield code="a">Hernández-Negrín, Halbert</subfield>
      <subfield code="e">author</subfield>
   </datafield>
   <datafield ind2=" " ind1=" " tag="720">
      <subfield code="a">Gómez-Huelgas, Ricardo</subfield>
      <subfield code="e">author</subfield>
   </datafield>
   <datafield ind2=" " ind1=" " tag="720">
      <subfield code="a">Bernal López, María Rosa</subfield>
      <subfield code="e">author</subfield>
   </datafield>
   <datafield ind2=" " ind1=" " tag="260">
      <subfield code="c">2023-02-28</subfield>
   </datafield>
   <datafield ind2=" " ind1=" " tag="520">
      <subfield code="a">(1) Background: Acute COVID-19 infections produce alterations in the skeletal muscle, leading to acute sarcopenia, but the medium- and long-term consequences are still unknown. The aim of this study was to evaluate: (1) body composition; (2) muscle strength and the prevalence of sarcopenia; and (3) the relationship between muscle strength with symptomatic and functional evolution in older patients affected by/recovered from COVID-19; (2) Methods: A prospective, longitudinal study of patients aged ≥65 years who had suffered from COVID-19 infection between 1 March and 31 May 2020, as confirmed by PCR or subsequent seroconversion. Persistent symptoms, as well as anthropometric, clinical, and analytical characteristics, were analyzed at 3 and 12 months after infection. The degree of sarcopenia was determined by dynamometry and with SARC-F; (3) Results: 106 participants, aged 76.8 ± 7 years, were included. At 3 months postinfection, a high percentage of sarcopenic patients was found, especially among women and in those with hospitalization. At 12 months postinfection, this percentage had decreased, coinciding with a functional and symptomatic recovery, and the normalization of inflammatory parameters, especially interleukin-6 (4.7 ± 11.6 pg/mL vs. 1.5 ± 2.4 pg/mL, p &lt; 0.05). The improvement in muscle strength was accompanied by significant weight gain (71.9 ± 12.1 kg vs. 74.7 ± 12.7 kg, p &lt; 0.001), but not by an increase in lean mass (49.6 ± 10 vs. 49.9 ± 10, p 0.29); (4) Conclusions: Older COVID-19 survivors presented a functional, clinical, and muscular recovery 12 months postinfection. Even so, it is necessary to carry out comprehensive follow-ups and assessments that include aspects of nutrition and physical activity.</subfield>
   </datafield>
   <datafield ind1="8" ind2=" " tag="024">
      <subfield code="a">López-Sampalo A, Cobos-Palacios L, Vilches-Pérez A, Sanz-Cánovas J, Vargas-Candela A, Mancebo-Sevilla JJ, Hernández-Negrín H, Gómez-Huelgas R, Bernal-López MR. COVID-19 in Older Patients: Assessment of Post-COVID-19 Sarcopenia. Biomedicines. 2023; 11(3):733. https://doi.org/10.3390/biomedicines11030733</subfield>
   </datafield>
   <datafield ind1="8" ind2=" " tag="024">
      <subfield code="a">https://hdl.handle.net/10630/26596</subfield>
   </datafield>
   <datafield ind1="8" ind2=" " tag="024">
      <subfield code="a">10.3390/biomedicines11030733</subfield>
   </datafield>
   <datafield tag="653" ind2=" " ind1=" ">
      <subfield code="a">Músculos - Potenciación</subfield>
   </datafield>
   <datafield tag="653" ind2=" " ind1=" ">
      <subfield code="a">Ancianos - Condición física</subfield>
   </datafield>
   <datafield tag="653" ind2=" " ind1=" ">
      <subfield code="a">COVID-19 - Complicaciones y secuelas</subfield>
   </datafield>
   <datafield ind2="0" ind1="0" tag="245">
      <subfield code="a">COVID-19 in Older Patients: Assessment of Post-COVID-19 Sarcopenia</subfield>
   </datafield>
</record>
</metadata></record></GetRecord></OAI-PMH>